| 000 | 00991cam a2200301Ia 4500 | ||
|---|---|---|---|
| 008 | |||
| 020 | _a0073137685 (hbk.) | ||
| 049 | _aMAIN | ||
| 090 | 0 |
_aHF1017 _bDOA |
|
| 100 | 1 | _aDoane, David P. | |
| 245 | 1 | 0 |
_aApplied statistics in business and economics / _cDavid P. Doane, Lori E. Seward. |
| 250 | _a2nd ed. | ||
| 260 |
_aBoston : _bMcGraw-Hill/Irwin, _cc2009. |
||
| 300 |
_axv, 834 p. : _bill. (some col.) ; _c29 cm + _e 1 CD-ROM (4 3/4 in.) |
||
| 440 | _aThe McGraw-Hill/Irwin series operations and decision sciences. | ||
| 500 | _aIncludes index. | ||
| 504 | _aIncludes bibliographical references. | ||
| 650 | 0 | _aCommercial statistics. | |
| 650 | 0 |
_aManagement _xStatistical methods. |
|
| 650 | 0 |
_aEconomics _xStatistical methods. |
|
| 650 | 0 | _aStatistics. | |
| 700 | 1 | _aSeward, Lori Welte. | |
| 907 |
_a.b10286081 _b07-11-11 _c03-11-10 |
||
| 003 | |||
| 005 | 20230123125208.0 | ||
| 040 | _cNUST | ||
| 942 |
_cBOOKS _kHF1017 _mDOA |
||
| 999 |
_c137353 _d137353 |
||